Možnosti ochrany životného prostredia prostredníctvom environmentálnych daní - v leteckej doprave diplomová práca
Guardado en:
| Autor principal: | |
|---|---|
| Autor Corporativo: | |
| Otros Autores: | |
| Formato: | Libro |
| Lenguaje: | eslovaco |
| Publicado: |
Bratislava
2021
|
| Etiquetas: |
Sin Etiquetas, Sea el primero en etiquetar este registro!
|
MARC
| LEADER | 00000nbm a2200000 4500 | ||
|---|---|---|---|
| 001 | 0274153 | ||
| 005 | 20220104093313.9 | ||
| 041 | 0 | |a slo | |
| 044 | |a SK | ||
| 245 | 1 | 0 | |a Možnosti ochrany životného prostredia prostredníctvom environmentálnych daní - v leteckej doprave |b diplomová práca |c Adam Zálešák ; školiteľ: Juraj Válek |
| 264 | 1 | |a Bratislava |c 2021 | |
| 300 | |a 79 s. | ||
| 100 | 1 | |a Zálešák, Adam | |
| 700 | 1 | |a Válek, Juraj, 1981- | |
| 710 | 2 | |a Národohospodárska fakulta EU. Katedra financií | |